[Event "European Chess Club Cup 2023"]
[Site "Durres, Albania"]
[Date "2023.10.01"]
[Round "1.71"]
[White "Postny, Evgeny"]
[Black "Papadopoulos, Argirios"]
[Result "1-0"]
[TimeControl "90' + 30' & 30\""]
[WhiteElo "2568"]
[BlackElo "2081"]

1. d4 {[%clk 01:30:56]} {[%emt 00:00:03]} Nf6 {[%clk 01:30:50]} {[%emt
00:00:11]} 2. c4 {[%clk 01:31:20]} {[%emt 00:00:06]} e6 {[%clk 01:31:17]}
{[%emt 00:00:03]} 3. Nf3 {[%clk 01:31:38]} {[%emt 00:00:11]} Bb4+ {[%clk
01:31:42]} {[%emt 00:00:06]} 4. Bd2 {[%clk 01:31:37]} {[%emt 00:00:32]} a5
{[%clk 01:32:09]} {[%emt 00:00:05]} 5. g3 {[%clk 01:31:49]} {[%emt 00:00:15]}
d6 {[%clk 01:32:27]} {[%emt 00:00:14]} 6. Bg2 {[%clk 01:32:07]} {[%emt
00:00:10]} Nbd7 {[%clk 01:32:52]} {[%emt 00:00:05]} 7. O-O {[%clk 01:32:21]}
{[%emt 00:00:16]} e5 {[%clk 01:33:15]} {[%emt 00:00:08]} 8. Be3 {[%clk
01:32:26]} {[%emt 00:00:23]} exd4 {[%clk 01:32:51]} {[%emt 00:00:55]} 9. Bxd4
{[%clk 01:32:09]} {[%emt 00:00:47]} O-O {[%clk 01:33:10]} {[%emt 00:00:12]} 10.
Qc2 {[%clk 01:30:07]} {[%emt 00:02:31]} Re8 {[%clk 01:31:45]} {[%emt 00:01:55]}
11. a3 {[%clk 01:24:22]} {[%emt 00:06:15]} Bc5 {[%clk 01:30:13]} {[%emt
00:02:02]} 12. Nc3 {[%clk 01:24:44]} {[%emt 00:00:08]} c6 {[%clk 01:29:52]}
{[%emt 00:00:51]} 13. Rad1 {[%clk 01:23:54]} {[%emt 00:01:19]} Qe7 {[%clk
01:18:01]} {[%emt 00:12:22]} 14. Rfe1 {[%clk 01:20:07]} {[%emt 00:04:17]} h6
{[%clk 01:08:48]} {[%emt 00:09:43]} 15. e4 {[%clk 01:08:00]} {[%emt 00:12:37]}
Bxd4 {[%clk 00:55:15]} {[%emt 00:14:03]} 16. Nxd4 {[%clk 01:07:18]} {[%emt
00:01:11]} Nb6 {[%clk 00:53:10]} {[%emt 00:02:35]} 17. Bf1 {[%clk 00:55:24]}
{[%emt 00:12:24]} Bg4 {[%clk 00:35:04]} {[%emt 00:18:42]} 18. Rd2 {[%clk
00:53:22]} {[%emt 00:02:27]} Rad8 {[%clk 00:21:17]} {[%emt 00:14:18]} 19. h3
{[%clk 00:47:09]} {[%emt 00:06:43]} c5 {[%clk 00:15:35]} {[%emt 00:06:12]} 20.
Ndb5 {[%clk 00:40:39]} {[%emt 00:06:59]} Bf5 {[%clk 00:14:53]} {[%emt
00:01:13]} 21. Qd1 {[%clk 00:37:12]} {[%emt 00:03:56]} Nc8 {[%clk 00:07:50]}
{[%emt 00:07:34]} 22. Re3 {[%clk 00:28:01]} {[%emt 00:09:41]} Bd7 {[%clk
00:05:14]} {[%emt 00:03:06]} 23. Bg2 {[%clk 00:20:06]} {[%emt 00:08:24]} Bc6
{[%clk 00:05:11]} {[%emt 00:00:34]} 24. b3 {[%clk 00:19:04]} {[%emt 00:01:31]}
Kh7 {[%clk 00:00:36]} {[%emt 00:05:06]} 25. Red3 {[%clk 00:15:15]} {[%emt
00:04:19]} Nxe4 {[%clk 00:00:33]} {[%emt 00:00:33]} 26. Nxe4 {[%clk 00:05:45]}
{[%emt 00:10:00]} Bxe4 {[%clk 00:01:01]} {[%emt 00:00:02]} 27. Re2 {[%clk
00:05:49]} {[%emt 00:00:25]} f5 {[%clk 00:00:32]} {[%emt 00:01:00]} 28. f3
{[%clk 00:06:01]} {[%emt 00:00:17]} Bxd3 {[%clk 00:00:32]} {[%emt 00:00:31]} 29.
Rxe7 {[%clk 00:06:24]} {[%emt 00:00:06]} Rxe7 {[%clk 00:00:31]} {[%emt
00:00:31]} 30. Qxd3 {[%clk 00:06:49]} {[%emt 00:00:05]} g6 {[%clk 00:00:43]}
{[%emt 00:00:19]} 31. Nc3 {[%clk 00:06:27]} {[%emt 00:00:52]} Rde8 {[%clk
00:00:31]} {[%emt 00:00:42]} 32. Nd5 {[%clk 00:06:17]} {[%emt 00:00:40]} Re1+
{[%clk 00:00:32]} {[%emt 00:00:29]} 33. Bf1 {[%clk 00:05:16]} {[%emt 00:01:31]}
R8e6 {[%clk 00:00:48]} {[%emt 00:00:15]} 34. Qc3 {[%clk 00:05:01]} {[%emt
00:00:44]} g5 {[%clk 00:00:34]} {[%emt 00:00:44]} 35. Kf2 {[%clk 00:04:59]}
{[%emt 00:00:32]} Rd1 {[%clk 00:00:32]} {[%emt 00:00:33]} 36. Qc2 {[%clk
00:04:28]} {[%emt 00:01:00]} Ree1 {[%clk 00:00:33]} {[%emt 00:00:29]} 37. Qxf5+
{[%clk 00:04:19]} {[%emt 00:00:39]} Kg7 {[%clk 00:01:00]} {[%emt 00:00:03]} 38.
Bd3 {[%clk 00:03:38]} {[%emt 00:01:10]} 1-0

[Event "European Chess Club Cup 2023"]
[Site "Durres, Albania"]
[Date "2023.10.01"]
[Round "1.72"]
[White "Verikakis, Manolis"]
[Black "Huzman, Alexander"]
[Result "0-1"]
[TimeControl "90' + 30' & 30\""]
[WhiteElo "2031"]
[BlackElo "2526"]

1. e4 {[%clk 01:30:55]} {[%emt 00:00:04]} c6 {[%clk 01:30:50]} {[%emt
00:00:10]} 2. d4 {[%clk 01:31:17]} {[%emt 00:00:10]} d5 {[%clk 01:31:06]}
{[%emt 00:00:12]} 3. e5 {[%clk 01:31:16]} {[%emt 00:00:32]} Bf5 {[%clk
01:31:14]} {[%emt 00:00:22]} 4. c4 {[%clk 01:31:03]} {[%emt 00:00:44]} e6
{[%clk 01:28:08]} {[%emt 00:03:34]} 5. Nc3 {[%clk 01:31:04]} {[%emt 00:00:29]}
Ne7 {[%clk 01:28:07]} {[%emt 00:00:31]} 6. Qb3 {[%clk 01:24:25]} {[%emt
00:07:09]} Qb6 {[%clk 01:24:31]} {[%emt 00:04:06]} 7. c5 {[%clk 01:24:05]}
{[%emt 00:00:50]} Qc7 {[%clk 01:21:43]} {[%emt 00:03:18]} 8. Nf3 {[%clk
01:18:47]} {[%emt 00:05:48]} Nd7 {[%clk 01:17:01]} {[%emt 00:05:12]} 9. Be3
{[%clk 01:11:20]} {[%emt 00:07:58]} Bg4 {[%clk 01:14:40]} {[%emt 00:02:51]} 10.
Be2 {[%clk 01:07:33]} {[%emt 00:04:16]} Nf5 {[%clk 01:14:12]} {[%emt 00:00:59]}
11. Qc2 {[%clk 01:05:52]} {[%emt 00:02:13]} Be7 {[%clk 01:10:40]} {[%emt
00:03:59]} 12. h3 {[%clk 00:58:16]} {[%emt 00:08:07]} Bxf3 {[%clk 01:05:07]}
{[%emt 00:06:03]} 13. Bxf3 {[%clk 00:58:17]} {[%emt 00:00:29]} f6 {[%clk
01:05:07]} {[%emt 00:00:30]} 14. exf6 {[%clk 00:53:27]} {[%emt 00:05:20]} Bxf6
{[%clk 01:05:03]} {[%emt 00:00:33]} 15. O-O-O {[%clk 00:53:21]} {[%emt
00:00:36]} O-O {[%clk 00:52:35]} {[%emt 00:12:59]} 16. Bg4 {[%clk 00:48:30]}
{[%emt 00:05:21]} b6 {[%clk 00:50:06]} {[%emt 00:02:59]} 17. Bxf5 {[%clk
00:30:14]} {[%emt 00:18:46]} exf5 {[%clk 00:50:25]} {[%emt 00:00:10]} 18. cxb6
{[%clk 00:30:39]} {[%emt 00:00:05]} Nxb6 {[%clk 00:50:06]} {[%emt 00:00:50]} 19.
Qxf5 {[%clk 00:30:02]} {[%emt 00:01:06]} Nc4 {[%clk 00:50:13]} {[%emt
00:00:23]} 20. b3 {[%clk 00:29:39]} {[%emt 00:00:53]} Nxe3 {[%clk 00:40:24]}
{[%emt 00:10:20]} 21. fxe3 {[%clk 00:27:38]} {[%emt 00:02:30]} Rae8 {[%clk
00:39:38]} {[%emt 00:01:17]} 22. Qc2 {[%clk 00:24:49]} {[%emt 00:03:19]} Qg3
{[%clk 00:38:35]} {[%emt 00:01:33]} 23. e4 {[%clk 00:19:15]} {[%emt 00:06:04]}
Bg5+ {[%clk 00:33:40]} {[%emt 00:05:25]} 24. Kb1 {[%clk 00:19:35]} {[%emt
00:00:09]} Rf2 {[%clk 00:34:03]} {[%emt 00:00:07]} 25. Qd3 {[%clk 00:18:47]}
{[%emt 00:01:19]} Qxd3+ {[%clk 00:32:43]} {[%emt 00:01:50]} 26. Rxd3 {[%clk
00:19:10]} {[%emt 00:00:06]} dxe4 {[%clk 00:33:11]} {[%emt 00:00:02]} 27. Rg3
{[%clk 00:19:14]} {[%emt 00:00:26]} Bd2 {[%clk 00:22:09]} {[%emt 00:11:32]} 28.
Nd1 {[%clk 00:18:48]} {[%emt 00:00:56]} Re2 {[%clk 00:22:25]} {[%emt 00:00:15]}
29. Rf1 {[%clk 00:19:11]} {[%emt 00:00:07]} Rd8 {[%clk 00:19:03]} {[%emt
00:03:52]} 30. Nc3 {[%clk 00:18:43]} {[%emt 00:00:58]} Re1+ {[%clk 00:16:00]}
{[%emt 00:03:33]} 31. Rxe1 {[%clk 00:19:10]} {[%emt 00:00:03]} Bxe1 {[%clk
00:16:26]} {[%emt 00:00:04]} 32. Re3 {[%clk 00:19:29]} {[%emt 00:00:10]} Bd2
{[%clk 00:16:49]} {[%emt 00:00:07]} 33. Rg3 {[%clk 00:19:51]} {[%emt 00:00:09]}
Be1 {[%clk 00:15:36]} {[%emt 00:01:43]} 34. Re3 {[%clk 00:20:17]} {[%emt
00:00:04]} Bd2 {[%clk 00:16:03]} {[%emt 00:00:02]} 35. Rg3 {[%clk 00:20:05]}
{[%emt 00:00:42]} Rxd4 {[%clk 00:16:27]} 36. Ne2 {[%clk 00:20:18]} {[%emt
00:00:24]} Rd5 {[%clk 00:09:23]} {[%emt 00:07:34]} 37. Rg4 {[%clk 00:16:24]}
{[%emt 00:04:24]} Re5 {[%clk 00:09:40]} {[%emt 00:00:12]} 38. Kc2 {[%clk
00:15:32]} {[%emt 00:01:23]} Be1 {[%clk 00:05:37]} {[%emt 00:04:32]} 39. Kd1
{[%clk 00:11:42]} {[%emt 00:04:19]} Ba5 {[%clk 00:05:19]} {[%emt 00:00:49]} 40.
Ng3 {[%clk 00:00:35]} {[%emt 00:11:38]} Rd5+ {[%clk 00:05:02]} {[%emt
00:00:47]} 41. Kc1 {[%clk 00:30:00]} {[%emt 00:01:56]} e3 {[%clk 00:33:44]}
{[%emt 00:01:49]} 42. Re4 {[%clk 00:29:37]} {[%emt 00:00:53]} Rd2 {[%clk
00:31:40]} {[%emt 00:02:34]} 43. Rxe3 {[%clk 00:29:47]} {[%emt 00:00:20]} Rxg2
{[%clk 00:31:25]} {[%emt 00:00:45]} 44. Ne2 {[%clk 00:29:28]} {[%emt 00:00:49]}
Bb6 {[%clk 00:31:14]} {[%emt 00:00:41]} 45. Re4 {[%clk 00:28:39]} {[%emt
00:01:20]} Rh2 {[%clk 00:31:01]} {[%emt 00:00:42]} 46. h4 {[%clk 00:28:53]}
{[%emt 00:00:16]} Bf2 {[%clk 00:30:51]} {[%emt 00:00:39]} 47. Kc2 {[%clk
00:28:05]} {[%emt 00:01:18]} Bxh4 {[%clk 00:30:45]} {[%emt 00:00:38]} 48. Kd3
{[%clk 00:28:02]} {[%emt 00:00:32]} Rh3+ {[%clk 00:28:56]} {[%emt 00:02:20]} 49.
Kc4 {[%clk 00:27:30]} {[%emt 00:01:01]} Bf2 {[%clk 00:24:51]} {[%emt 00:04:35]}
50. Nd4 {[%clk 00:25:09]} {[%emt 00:02:51]} Bxd4 {[%clk 00:21:47]} {[%emt
00:03:34]} 51. Rxd4 {[%clk 00:25:36]} {[%emt 00:00:03]} h5 {[%clk 00:19:45]}
{[%emt 00:02:32]} 52. a4 {[%clk 00:25:39]} {[%emt 00:00:26]} Rg3 {[%clk
00:19:09]} {[%emt 00:01:07]} 53. Kc5 {[%clk 00:25:36]} {[%emt 00:00:33]} Rg6
{[%clk 00:17:06]} {[%emt 00:02:33]} 54. b4 {[%clk 00:25:43]} {[%emt 00:00:23]}
Rh6 {[%clk 00:17:29]} {[%emt 00:00:07]} 55. b5 {[%clk 00:23:02]} {[%emt
00:03:11]} cxb5 {[%clk 00:17:18]} {[%emt 00:00:41]} 56. axb5 {[%clk 00:23:30]}
{[%emt 00:00:02]} h4 {[%clk 00:17:34]} {[%emt 00:00:15]} 57. Rd8+ {[%clk
00:23:41]} {[%emt 00:00:18]} Kh7 {[%clk 00:17:49]} {[%emt 00:00:15]} 58. Rd7
{[%clk 00:23:53]} {[%emt 00:00:18]} h3 {[%clk 00:18:11]} {[%emt 00:00:09]} 0-1

[Event "European Chess Club Cup 2023"]
[Site "Durres, Albania"]
[Date "2023.10.01"]
[Round "1.73"]
[White "Sigurpalsson, Runar"]
[Black "Sanal, Vahap"]
[Result "0-1"]
[TimeControl "90' + 30' & 30\""]
[WhiteElo "2276"]
[BlackElo "2603"]

1. a3 {[%clk 01:30:54]} {[%emt 00:00:04]} e5 {[%clk 01:28:54]} {[%emt
00:02:05]} 2. b4 {[%clk 01:30:37]} {[%emt 00:00:48]} d5 {[%clk 01:28:16]}
{[%emt 00:01:07]} 3. Bb2 {[%clk 01:30:31]} {[%emt 00:00:35]} Bd6 {[%clk
01:27:45]} {[%emt 00:01:02]} 4. e3 {[%clk 01:27:54]} {[%emt 00:03:08]} Nf6
{[%clk 01:27:05]} {[%emt 00:01:10]} 5. c4 {[%clk 01:26:41]} {[%emt 00:01:43]}
c6 {[%clk 01:27:03]} {[%emt 00:00:32]} 6. cxd5 {[%clk 01:21:24]} {[%emt
00:05:48]} cxd5 {[%clk 01:26:03]} {[%emt 00:01:29]} 7. Nf3 {[%clk 01:18:30]}
{[%emt 00:03:25]} Qe7 {[%clk 01:23:53]} {[%emt 00:02:39]} 8. Bb5+ {[%clk
01:13:07]} {[%emt 00:05:54]} Bd7 {[%clk 01:23:14]} {[%emt 00:01:09]} 9. Bxd7+
{[%clk 01:11:57]} {[%emt 00:01:40]} Nbxd7 {[%clk 01:23:34]} {[%emt 00:00:09]}
10. Nc3 {[%clk 01:12:01]} {[%emt 00:00:26]} O-O {[%clk 01:20:19]} {[%emt
00:03:45]} 11. Qb3 {[%clk 01:09:06]} {[%emt 00:03:26]} d4 {[%clk 01:00:32]}
{[%emt 00:20:16]} 12. Ne2 {[%clk 01:03:44]} {[%emt 00:05:53]} a5 {[%clk
00:53:32]} {[%emt 00:07:30]} 13. exd4 {[%clk 00:57:25]} {[%emt 00:06:49]} e4
{[%clk 00:53:28]} {[%emt 00:00:34]} 14. Ne5 {[%clk 00:56:01]} {[%emt 00:01:55]}
axb4 {[%clk 00:47:33]} {[%emt 00:06:24]} 15. axb4 {[%clk 00:55:28]} {[%emt
00:01:04]} Nxe5 {[%clk 00:44:40]} {[%emt 00:03:23]} 16. dxe5 {[%clk 00:55:26]}
{[%emt 00:00:31]} Bxe5 {[%clk 00:45:03]} {[%emt 00:00:07]} 17. O-O {[%clk
00:47:10]} {[%emt 00:08:46]} Rad8 {[%clk 00:40:47]} {[%emt 00:04:46]} 18. Ra5
{[%clk 00:42:15]} {[%emt 00:05:25]} Bxb2 {[%clk 00:32:48]} {[%emt 00:08:29]} 19.
Qxb2 {[%clk 00:42:33]} {[%emt 00:00:13]} Rd6 {[%clk 00:31:11]} {[%emt
00:02:07]} 20. Ng3 {[%clk 00:41:28]} {[%emt 00:01:34]} Qd7 {[%clk 00:31:02]}
{[%emt 00:00:39]} 21. Rd1 {[%clk 00:32:32]} {[%emt 00:09:26]} b5 {[%clk
00:30:29]} {[%emt 00:01:03]} 22. Nf1 {[%clk 00:30:11]} {[%emt 00:02:52]} Nd5
{[%clk 00:23:23]} {[%emt 00:07:34]} 23. Rda1 {[%clk 00:28:28]} {[%emt
00:02:14]} Nb6 {[%clk 00:17:58]} {[%emt 00:05:54]} 24. Ra7 {[%clk 00:24:55]}
{[%emt 00:04:04]} Qe6 {[%clk 00:18:15]} {[%emt 00:00:12]} 25. Qc3 {[%clk
00:18:37]} {[%emt 00:06:49]} Nc4 {[%clk 00:13:06]} {[%emt 00:05:39]} 26. Ra8
{[%clk 00:16:26]} {[%emt 00:02:41]} Rdd8 {[%clk 00:13:24]} {[%emt 00:00:12]} 27.
Rxd8 {[%clk 00:16:33]} {[%emt 00:00:24]} Rxd8 {[%clk 00:13:51]} {[%emt
00:00:02]} 28. Qd4 {[%clk 00:15:50]} {[%emt 00:01:13]} Qe8 {[%clk 00:12:42]}
{[%emt 00:01:39]} 29. Qc5 {[%clk 00:15:33]} {[%emt 00:00:47]} h6 {[%clk
00:12:32]} {[%emt 00:00:40]} 30. Ra2 {[%clk 00:15:14]} {[%emt 00:00:50]} Ne5
{[%clk 00:08:43]} {[%emt 00:04:19]} 31. Ra5 {[%clk 00:13:32]} {[%emt 00:02:12]}
Rb8 {[%clk 00:09:07]} {[%emt 00:00:05]} 32. h3 {[%clk 00:12:18]} {[%emt
00:01:45]} Nd3 {[%clk 00:09:18]} {[%emt 00:00:19]} 33. Qd4 {[%clk 00:12:16]}
{[%emt 00:00:31]} Rd8 {[%clk 00:05:42]} {[%emt 00:04:06]} 34. Qb6 {[%clk
00:12:24]} {[%emt 00:00:22]} Rb8 {[%clk 00:05:58]} {[%emt 00:00:14]} 35. Qd4
{[%clk 00:12:47]} {[%emt 00:00:07]} Qe7 {[%clk 00:04:47]} {[%emt 00:01:37]} 36.
Ng3 {[%clk 00:10:56]} {[%emt 00:02:25]} Qxb4 {[%clk 00:05:12]} {[%emt
00:00:05]} 37. Qxb4 {[%clk 00:11:07]} {[%emt 00:00:20]} Nxb4 {[%clk 00:05:39]}
{[%emt 00:00:02]} 38. Nxe4 {[%clk 00:11:27]} {[%emt 00:00:10]} Nc2 {[%clk
00:06:04]} {[%emt 00:00:05]} 39. Ra2 {[%clk 00:10:58]} {[%emt 00:00:59]} Nd4
{[%clk 00:06:27]} {[%emt 00:00:07]} 40. f3 {[%clk 00:09:59]} {[%emt 00:01:30]}
b4 {[%clk 00:06:01]} {[%emt 00:00:55]} 41. Kf2 {[%clk 00:09:51]} {[%emt
00:00:38]} f5 {[%clk 00:05:43]} {[%emt 00:00:47]} 42. Nc5 {[%clk 00:06:49]}
{[%emt 00:03:33]} b3 {[%clk 00:02:50]} {[%emt 00:03:23]} 43. Rb2 {[%clk
00:07:09]} {[%emt 00:00:11]} f4 {[%clk 00:02:53]} {[%emt 00:00:27]} 44. Ne4
{[%clk 00:04:24]} {[%emt 00:03:15]} Kf7 {[%clk 00:02:56]} {[%emt 00:00:27]} 45.
Ke1 {[%clk 00:03:26]} {[%emt 00:01:27]} Ra8 {[%clk 00:03:01]} {[%emt 00:00:24]}
46. d3 {[%clk 00:02:13]} {[%emt 00:01:44]} Ra2 {[%clk 00:03:08]} {[%emt
00:00:22]} 47. Nd6+ {[%clk 00:02:40]} {[%emt 00:00:05]} Ke6 {[%clk 00:03:33]}
{[%emt 00:00:05]} 48. Nc4 {[%clk 00:03:06]} {[%emt 00:00:04]} Kd5 {[%clk
00:03:21]} {[%emt 00:00:41]} 49. Kd2 {[%clk 00:03:01]} {[%emt 00:00:35]} Kc5
{[%clk 00:01:10]} {[%emt 00:02:39]} 50. Kc3 {[%clk 00:02:50]} {[%emt 00:00:43]}
Ra1 {[%clk 00:01:14]} {[%emt 00:00:26]} 51. Rd2 {[%clk 00:02:07]} {[%emt
00:01:13]} Rc1+ {[%clk 00:01:18]} {[%emt 00:00:26]} 52. Kb2 {[%clk 00:02:25]}
{[%emt 00:00:13]} Re1 {[%clk 00:01:45]} {[%emt 00:00:02]} 53. Kc3 {[%clk
00:02:19]} {[%emt 00:00:36]} g5 {[%clk 00:01:43]} {[%emt 00:00:32]} 54. Na5
{[%clk 00:27:25]} {[%emt 00:05:24]} Rb1 {[%clk 00:28:43]} {[%emt 00:03:28]} 55.
Nb7+ {[%clk 00:26:22]} {[%emt 00:01:36]} Kd5 {[%clk 00:29:01]} {[%emt
00:00:11]} 56. Na5 {[%clk 00:26:40]} {[%emt 00:00:13]} Rc1+ {[%clk 00:21:09]}
{[%emt 00:08:21]} 57. Kb2 {[%clk 00:26:25]} {[%emt 00:00:45]} Rc7 {[%clk
00:21:15]} {[%emt 00:00:15]} 58. Nc4 {[%clk 00:26:19]} {[%emt 00:00:46]} Kc5
{[%clk 00:17:51]} {[%emt 00:03:52]} 59. Kc3 {[%clk 00:25:42]} {[%emt 00:01:09]}
Ra7 {[%clk 00:17:35]} {[%emt 00:00:42]} 60. Nb2 {[%clk 00:24:47]} {[%emt
00:01:28]} Nb5+ {[%clk 00:17:31]} {[%emt 00:00:33]} 0-1

[Event "European Chess Club Cup 2023"]
[Site "Durres, Albania"]
[Date "2023.10.01"]
[Round "1.74"]
[White "Yilmaz, Mustafa"]
[Black "Halldorsson, Halldor"]
[Result "1-0"]
[TimeControl "90' + 30' & 30\""]
[WhiteElo "2640"]
[BlackElo "2155"]

1. c4 {[%clk 01:30:57]} {[%emt 00:00:02]} Nf6 {[%clk 01:30:38]} {[%emt
00:00:22]} 2. Nc3 {[%clk 01:31:17]} {[%emt 00:00:13]} d5 {[%clk 01:30:34]}
{[%emt 00:00:32]} 3. cxd5 {[%clk 01:30:52]} {[%emt 00:00:54]} Nxd5 {[%clk
01:30:43]} {[%emt 00:00:21]} 4. Nf3 {[%clk 01:30:14]} {[%emt 00:01:09]} g6
{[%clk 01:29:19]} {[%emt 00:01:54]} 5. h4 {[%clk 01:24:42]} {[%emt 00:06:02]}
Bg7 {[%clk 01:26:12]} {[%emt 00:03:36]} 6. e4 {[%clk 01:19:55]} {[%emt
00:05:17]} Nxc3 {[%clk 01:24:48]} {[%emt 00:01:54]} 7. dxc3 {[%clk 01:20:05]}
{[%emt 00:00:21]} Qxd1+ {[%clk 01:22:45]} {[%emt 00:02:32]} 8. Kxd1 {[%clk
01:19:54]} {[%emt 00:00:42]} Bg4 {[%clk 01:18:45]} {[%emt 00:04:29]} 9. Kc2
{[%clk 01:19:38]} {[%emt 00:00:46]} Nd7 {[%clk 01:14:52]} {[%emt 00:04:23]} 10.
Be3 {[%clk 01:12:56]} {[%emt 00:07:14]} e5 {[%clk 01:11:10]} {[%emt 00:04:09]}
11. a4 {[%clk 00:56:50]} {[%emt 00:16:37]} f6 {[%clk 01:05:32]} {[%emt
00:06:08]} 12. a5 {[%clk 00:53:09]} {[%emt 00:04:10]} a6 {[%clk 01:05:20]}
{[%emt 00:00:42]} 13. Bc4 {[%clk 00:47:41]} {[%emt 00:05:58]} Ke7 {[%clk
01:02:49]} {[%emt 00:03:00]} 14. h5 {[%clk 00:30:10]} {[%emt 00:18:03]} g5
{[%clk 00:58:19]} {[%emt 00:04:59]} 15. Nd2 {[%clk 00:27:04]} {[%emt 00:03:36]}
Be6 {[%clk 00:55:20]} {[%emt 00:03:29]} 16. Rhd1 {[%clk 00:23:35]} {[%emt
00:03:59]} Rhd8 {[%clk 00:52:06]} {[%emt 00:03:44]} 17. Ra4 {[%clk 00:20:40]}
{[%emt 00:03:25]} c5 {[%clk 00:44:42]} {[%emt 00:07:54]} 18. Bxe6 {[%clk
00:17:36]} {[%emt 00:03:34]} Kxe6 {[%clk 00:45:02]} {[%emt 00:00:10]} 19. Nc4
{[%clk 00:18:00]} {[%emt 00:00:07]} Bf8 {[%clk 00:44:50]} {[%emt 00:00:42]} 20.
Raa1 {[%clk 00:17:43]} {[%emt 00:00:47]} Be7 {[%clk 00:43:17]} {[%emt
00:02:03]} 21. Rd2 {[%clk 00:13:27]} {[%emt 00:04:45]} Rdc8 {[%clk 00:41:33]}
{[%emt 00:02:14]} 22. Rad1 {[%clk 00:13:46]} {[%emt 00:00:12]} Rc7 {[%clk
00:41:45]} {[%emt 00:00:17]} 23. Rxd7 {[%clk 00:13:52]} {[%emt 00:00:24]} 1-0

[Event "European Chess Club Cup 2023"]
[Site "Durres, Albania"]
[Date "2023.10.01"]
[Round "1.75"]
[White "Thorsteinsson, Arnar"]
[Black "Can, Emre"]
[Result "0-1"]
[TimeControl "90' + 30' & 30\""]
[WhiteElo "2232"]
[BlackElo "2576"]

1. e4 {[%clk 01:30:28]} {[%emt 00:00:30]} c5 {[%clk 01:30:30]} {[%emt
00:00:30]} 2. Nf3 {[%clk 01:30:36]} {[%emt 00:00:22]} d6 {[%clk 01:30:34]}
{[%emt 00:00:28]} 3. d4 {[%clk 01:30:00]} {[%emt 00:01:06]} cxd4 {[%clk
01:30:53]} {[%emt 00:00:09]} 4. Nxd4 {[%clk 01:30:23]} {[%emt 00:00:07]} Nf6
{[%clk 01:30:45]} {[%emt 00:00:38]} 5. Nc3 {[%clk 01:30:36]} {[%emt 00:00:19]}
a6 {[%clk 01:30:53]} {[%emt 00:00:22]} 6. Bg5 {[%clk 01:30:03]} {[%emt
00:01:01]} e6 {[%clk 01:30:04]} {[%emt 00:01:19]} 7. Qd3 {[%clk 01:28:07]}
{[%emt 00:02:26]} b5 {[%clk 01:29:43]} {[%emt 00:01:02]} 8. a3 {[%clk
01:28:27]} Nbd7 {[%clk 01:29:16]} {[%emt 00:00:56]} 9. O-O-O {[%clk 01:26:19]}
{[%emt 00:02:38]} Bb7 {[%clk 01:29:35]} {[%emt 00:00:11]} 10. f3 {[%clk
01:25:30]} {[%emt 00:01:19]} Be7 {[%clk 01:29:33]} {[%emt 00:00:32]} 11. h4
{[%clk 01:23:13]} {[%emt 00:02:47]} O-O {[%clk 01:27:25]} {[%emt 00:02:38]} 12.
Kb1 {[%clk 01:22:09]} {[%emt 00:01:34]} Rb8 {[%clk 01:23:57]} {[%emt 00:03:58]}
13. g4 {[%clk 01:17:51]} {[%emt 00:04:47]} Ba8 {[%clk 01:18:26]} {[%emt
00:06:02]} 14. Bc1 {[%clk 01:05:38]} {[%emt 00:12:43]} Nc5 {[%clk 01:07:07]}
{[%emt 00:11:50]} 15. Qe3 {[%clk 01:02:26]} {[%emt 00:03:41]} b4 {[%clk
01:01:10]} {[%emt 00:06:27]} 16. axb4 {[%clk 00:58:39]} {[%emt 00:04:17]} Rxb4
{[%clk 01:01:29]} {[%emt 00:00:11]} 17. Na2 {[%clk 00:54:42]} {[%emt 00:04:27]}
Rb6 {[%clk 00:51:02]} {[%emt 00:10:58]} 18. h5 {[%clk 00:42:15]} {[%emt
00:12:56]} h6 {[%clk 00:42:58]} {[%emt 00:08:35]} 19. Bd3 {[%clk 00:38:18]}
{[%emt 00:04:26]} Qc7 {[%clk 00:38:54]} {[%emt 00:04:34]} 20. Rdg1 {[%clk
00:29:58]} {[%emt 00:08:49]} Nfd7 {[%clk 00:33:23]} {[%emt 00:06:02]} 21. f4
{[%clk 00:24:03]} {[%emt 00:06:25]} Rfb8 {[%clk 00:31:26]} {[%emt 00:02:28]} 22.
g5 {[%clk 00:16:32]} {[%emt 00:08:00]} hxg5 {[%clk 00:29:31]} {[%emt 00:02:25]}
23. h6 {[%clk 00:11:43]} {[%emt 00:05:19]} Qb7 {[%clk 00:22:48]} {[%emt
00:07:13]} 24. b3 {[%clk 00:05:16]} {[%emt 00:06:58]} Nxd3 {[%clk 00:14:56]}
{[%emt 00:08:22]} 25. hxg7 {[%clk 00:02:49]} {[%emt 00:02:56]} Qxe4 {[%clk
00:14:33]} {[%emt 00:00:53]} 26. Qh3 {[%clk 00:02:18]} {[%emt 00:01:01]} Rxb3+
{[%clk 00:14:16]} {[%emt 00:00:48]} 27. Nxb3 {[%clk 00:02:34]} {[%emt
00:00:13]} Rxb3+ {[%clk 00:14:39]} {[%emt 00:00:07]} 28. Ka1 {[%clk 00:00:56]}
{[%emt 00:02:08]} Bf6+ {[%clk 00:14:35]} {[%emt 00:00:34]} 29. c3 {[%clk
00:01:08]} {[%emt 00:00:18]} Rb1+ {[%clk 00:13:47]} {[%emt 00:01:18]} 0-1